[Event "Golden Rook op 56th"]
[Site "Chotowa"]
[Date "2014.06.10"]
[Round "4"]
[White "Leszczynska, Malgorzata"]
[Black "Krzyzanowska Zadlo, Lidia"]
[Result "1-0"]
[WhiteElo "2019"]
[BlackElo "1870"]
[PlyCount "101"]
[EventDate "2014.06.08"]
[EventType "team-swiss"]
[EventRounds "9"]
[EventCountry "POL"]
[SourceTitle "EXT 2015"]
[Source "ChessBase"]
[SourceDate "2014.11.20"]
[SourceVersion "1"]
[SourceVersionDate "2014.11.20"]
[SourceQuality "1"]

1. c4 Nf6 2. g3 e6 3. Bg2 d5 4. cxd5 exd5 5. Nf3 c6 6. 0-0 Bd6 7. d3 0-0 8. Nc3 Re8 9. Re1 Nbd7 10. e4 dxe4 11. dxe4 Ne5 12. Bf4 Bg4 13. Bxe5 Rxe5 14. h3 Bxf3 15. Qxf3 Qb6 16. Rad1 Bc7 17. Qe2 Ree8 18. Kh2 h6 19. f4 Rad8 20. e5 Nd7 21. Na4 Qb4 22. Qc2 Qe7 23. a3 Bb6 24. Nc3 Nc5 25. b4 Ne6 26. Ne4 Nd4 27. Qc3 Nf5 28. Nc5 Bxc5 29. bxc5 Rxd1 30. Rxd1 Rd8 31. Rxd8+ Qxd8 32. g4 Qd4 33. Qb4 Qxb4 34. axb4 Nd4 35. Kg3 b6 36. cxb6 axb6 37. Kf2 c5 38. bxc5 bxc5 39. Ke3 Kf8 40. f5 Ke7 41. Kd3 h5 42. Kc4 hxg4 43. hxg4 Nc2 44. Kxc5 f6 45. e6 Ne3 46. Bf3 Nf1 47. Kd4 Nd2 48. Bd1 Nf1 49. Kd3 g6 50. fxg6 Kxe6 51. Bb3+ 1-0